000 00659nam a22002297a 4500
003 UA-OsUOA
001 96808
007 ta
008 20130322b un ||||| |||| 00| 0 ukr d
100 _aМлечин Л.
090 _a821.161.1
_bМ77
942 _cBK
040 _aUA-OsUOA
_brus
_cUA-OsUOA
_dUA-OsUOA
245 _aСеть Москва - ОГПУ - Париж
_bкнижное приложение к альманаху
300 _a206 с.
955 _a3
041 _arus
080 _a821.161.1
260 _aМ.
_bРенессанс
_c1991
650 7 _a82 Література. Літературознавство
_2UDC
999 _c383058
_d383058